Science Quiz

Random Science or Physics Quiz

Science by Socks Click Quiz Stats

 Plays Quiz Updated Aug 7, 2017

Support Sporcle.
Go Orange.
Score 0/15 Timer 02:00
4 Plays Today
% Correct
Solar System
93.6%
Skeletal System
92%
Muscular System
91.4%
DNA Helix
90.5%
Multiplication Table
89.9%
Physics
89.5%
Computer Motherboard
89.5%
Pi
88.9%
% Correct
Meteorology
87.6%
2-D Shapes
87.5%
Constellations
87.3%
Fossil
83.8%
Chemical Formula
78.1%
Geological Strata
75%
Periodic Table
74.1%

You're not logged in!

Compare scores with friends on all Sporcle quizzes.
OR
Log In
Forgot?

From the Vault

Lost for Words: Compound Words

by bhenderson79

Don't worry. These handy pictures will help you find them.
Remove Ads.
Support Sporcle.
Get the best of Sporcle when you Go Orange. This ad-free experience offers more features, more stats, and more fun while also helping to support Sporcle. Thank you for becoming a member.

Show Comments

Extras

Top Quizzes Today


Score Distribution

Your Account Isn't Verified!

In order to create a playlist on Sporcle, you need to verify the email address you used during registration. Go to your Sporcle Settings to finish the process.

Report this User

Report this user for behavior that violates our Community Guidelines.

Details: